Огилви о рекламе: пер. с англ.

Detalles Bibliográficos
Autor Principal: Огилви Д. Дэвид
Summary:Дэвид Огилви — один из патриархов рекламной индустрии, основатель рекламного агентства Ogilvy & Mather с годовым оборотом свыше 10 миллиардов долларов, классик теории рекламы, признанный «лучшим копирайтером мира», человек, включенный French Magazine в список гигантов, которые внесли самый весомый вклад в Мировую Индустриальную Революцию наряду с Адамом Смитом, Томасом Эдисоном, Карлом Марксом, Дж. Д. Рокфеллером-старшим и другими.
Idioma:ruso
Publicado: Москва, Эксмо, 2007
Series:Академия рекламы
Subjects:
Formato: MixedMaterials Libro
KOHA link:https://koha.lib.tpu.ru/cgi-bin/koha/opac-detail.pl?biblionumber=124987

MARC

LEADER 00000nam0a2200000 4500
001 124987
005 20231031131204.0
010 |a 9785699219612 
035 |a (RuTPU)RU\TPU\book\135261 
090 |a 124987 
100 |a 20071109d2007 km y0rusy50 ca 
101 1 |a rus  |c eng 
102 |a RU 
105 |a a z 000zy 
200 1 |a Огилви о рекламе  |e пер. с англ.  |f Д. Огилви 
210 |a Москва  |c Эксмо  |d 2007 
215 |a 232 с.  |c цв. ил. 
225 1 |a Академия рекламы 
330 |a Дэвид Огилви — один из патриархов рекламной индустрии, основатель рекламного агентства Ogilvy & Mather с годовым оборотом свыше 10 миллиардов долларов, классик теории рекламы, признанный «лучшим копирайтером мира», человек, включенный French Magazine в список гигантов, которые внесли самый весомый вклад в Мировую Индустриальную Революцию наряду с Адамом Смитом, Томасом Эдисоном, Карлом Марксом, Дж. Д. Рокфеллером-старшим и другими. 
610 1 |a экономика 
610 1 |a реклама 
610 1 |a рекламные агентства 
610 1 |a клиенты 
610 1 |a печатная реклама 
610 1 |a телевизионная реклама 
610 1 |a почтовая реклама 
610 1 |a социальная реклама 
610 1 |a маркетинг 
610 1 |a копирайтеры 
675 |a 659  |v 3 
700 1 |a Огилви  |b Д.  |g Дэвид 
801 1 |a RU  |b 63413507  |c 20071109  |g PSBO 
801 2 |a RU  |b 63413507  |c 20150623  |g PSBO 
942 |c BK 
959 |a 78/20071106  |d 1  |e 479,05  |f ЧЗГЛ:1 
959 |a 19/20080219  |d 1  |e 384,62  |f АНЛ:1